Sanat - "Sabotage" - Chisu - Statistics

Yleistilastot
  • Tätä visaa on pelattu 222 kertaa
    202 viimeisimmän päivityksen jälkeen
  • Keskiarvotulos 141 / 176
Vastaustilastot
Vastaus % Oikein
sabotage
98%
sun
97%
96%
96%
Ja
95%
ja
95%
kun
95%
on
94%
On
94%
ei
93%
en
93%
kuin
93%
rinkelit
92%
suloinen
92%
enkelit
91%
et
91%
ystävä
90%
ansaas
89%
haavoja
89%
kieroja
89%
kipu
89%
korvaa
89%
mikään
89%
miltään
89%
suolaisia
89%
syviä
89%
tunnu
89%
että
88%
mun
87%
ystävää
87%
tiesin
86%
nuolen
85%
taas
84%
saa
81%
Jälleen
80%
putosin
80%
härkäkään
79%
oo
79%
viiva
79%
yksi
79%
kaks
78%
kolme
78%
nolla
78%
tai
78%
hoen
77%
kahdeksan
76%
mustelmien
76%
niistä
76%
pilvellesi
76%
pyrähdin
76%
ilman
75%
kypärää
75%
oon
75%
hai
74%
kanssa
74%
leikkimään
74%
tarpeeksi
74%
vaik
74%
tarvitsen
73%
huoneisiin
72%
jäisi
72%
kohta
72%
xxx
72%
nimeä
70%
sut
70%
kerran
69%
mua
68%
saisin
68%
täs
68%
viety
68%
siel
67%
tunteisiin
67%
valoo
67%
viel
67%
haloo
66%
jätä
66%
milloinkaan
66%
joka
65%
kirkkainta
65%
mitään
65%
kaikuu
63%
kii
63%
vuoroaan
63%
huutaa
61%
murtauduttu
61%
käyttäis
60%
vastaajaan
60%
mut
59%
sekä
57%
vartoo
56%
Nähdääkseen
55%
näkeväks
55%
nöyränä
55%
puhelinvastaajiin
55%
kuulevaks
50%
siks
48%
eläväks
47%
mykkiin
46%
muuttaisit
42%
Ehtoja vastaavia visoja ei löytynyt
Tulosjakauma
Jokaisen tuloksen saaneiden osuus
Persentiili vastausten määrän mukaan
Tuloshistoriasi
Et ole pelannut tätä visaa sen viimeisimmän päivityksen jälkeen